050_ Personnalités nées un 19 février par images - Statistiques

Statistiques générales
  • Ce quiz a été pris 26 fois
    23 depuis la dernière actualisation
  • Le résultat moyen est 3 sur 9
Statistiques - réponses
Par images Hint Réponse % Correct
Actrice Millie Bobby Brown
61%
Chanteuse Helena
52%
Haut fonctionnaire et Politicien Laurent Nuñez
52%
Famille Royale Andrew Mountbatten-Windsor
43%
Scientifique Nicolas Copernic
35%
Basketteur Nikola Jokić
35%
Acteur Jeff Daniels
4%
Footballeuse Sandy Baltimore
4%
Écrivaine Helen Fielding
0%
Aucun quiz correspondant
Distribution des résultats
% des personnes avec chaque résultat
Percentile par nombre de réponses
Votre historique - résultats
Vous n’avez pas pris ce quiz depuis la dernière actualisation